00187nam a22000857a 4500040000700000082000800007100001100015245004800026260002700074 cSK a634 aDANCED aThe art of building facilitation capacities aPhnom PenhbDAN c2002